Most Populated U.S. Cities by Letter - P - Statistics

General Stats
  • This quiz has been taken 131 times
  • The average score is 11 of 20
Answer Stats
Population State Answer % Correct
1,608,000 Arizona Phoenix
100%
1,604,000 Pennsylvania Philadelphia
99%
653,000 Oregon Portland
97%
303,000 Pennsylvania Pittsburgh
94%
191,000 Rhode Island Providence
84%
285,000 Texas Plano
64%
115,000 Utah Provo
63%
152,000 Texas Pasadena
60%
139,000 California Pasadena
60%
191,000 Arizona Peoria
56%
113,000 Illinois Peoria
56%
160,000 New Jersey Paterson
46%
112,000 Colorado Pueblo
42%
205,000 Florida Port St. Lucie
40%
169,000 California Palmdale
27%
171,000 Florida Pembroke Pines
26%
152,000 California Pomona
26%
120,000 Florida Palm Bay
22%
112,000 Florida Pompano Beach
22%
126,000 Texas Pearland
19%
No matching quizzes found
Score Distribution
Percent of People with Each Score
Percentile by Number Answered
Your Score History
You have not taken this quiz